Intellectual curiosity and the scientific revolution (Record no. 18220)

MARC details
000 -LEADER
fixed length control field 00625nam a2200193Ia 4500
003 - CONTROL NUMBER IDENTIFIER
control field IN-BaIIA
008 - FIXED-LENGTH DATA ELEMENTS--GENERAL INFORMATION
fixed length control field 211028s9999 xx 000 0 eng d
020 ## - INTERNATIONAL STANDARD BOOK NUMBER
International Standard Book Number 978-0-521-17052-9
040 ## - CATALOGING SOURCE
Transcribing agency IIA Library
080 ## - UNIVERSAL DECIMAL CLASSIFICATION NUMBER
Universal Decimal Classification number 5(091)
Item number HUF
100 ## - MAIN ENTRY--PERSONAL NAME
Personal name Huff, Toby E
9 (RLIN) 34870
245 #0 - TITLE STATEMENT
Title Intellectual curiosity and the scientific revolution
Remainder of title a global perspective
Statement of responsibility, etc. Toby E. Huff
260 ## - PUBLICATION, DISTRIBUTION, ETC.
Place of publication, distribution, etc. Cambridge
Name of publisher, distributor, etc. Cambridge University Press
Date of publication, distribution, etc. 2011
300 ## - PHYSICAL DESCRIPTION
Extent xiii, 354p.
650 ## - SUBJECT ADDED ENTRY--TOPICAL TERM
Topical term or geographic name entry element Discoveries in science-Europe-History
9 (RLIN) 34871
650 ## - SUBJECT ADDED ENTRY--TOPICAL TERM
Topical term or geographic name entry element Science-Europe-History
9 (RLIN) 34872
650 ## - SUBJECT ADDED ENTRY--TOPICAL TERM
Topical term or geographic name entry element Science-Experiments-History
9 (RLIN) 34873
942 ## - ADDED ENTRY ELEMENTS (KOHA)
Koha item type Books
Holdings
Withdrawn status Lost status Damaged status Not for loan Home library Current library Shelving location Date acquired Source of acquisition Cost, normal purchase price Total Checkouts Full call number Barcode Date last seen Cost, replacement price Price effective from Koha item type Purchase Price
        IIA Library-Bangalore IIA Library-Bangalore General Stacks 01/02/2012 BBI 1428.00   5(091)/ HUF 19142 05/11/2021 1428.00 01/02/2012 Books Rs. 1428.00

Powered by Koha